|
|
|
|
| LEADER |
01244nam a2200265 a 4500 |
| 001 |
15013933 |
| 008 |
110523s2007 bg 000 0dbeno |
| 010 |
|
|
|a 2007342979
|
| 020 |
|
|
|a 9844105463
|
| 040 |
|
|
|a DLC
|c DLC
|d BD-DhAAL
|
| 042 |
|
|
|a lcode
|
| 043 |
|
|
|a a-bg---
|
| 082 |
0 |
0 |
|a 918.2
|2 22
|
| 100 |
1 |
|
|a সায়ীদ, আব্দুল্লাহ আবু
|
| 245 |
1 |
0 |
|a বিশ্বসাহিত্য কেন্দ্র ও আমি /
|c আব্দুল্লাহ আবু সায়ীদ
|
| 260 |
|
|
|a ঢাকা :
|b মাওলা ব্রাদার্স,
|c ২০০৭.
|
| 300 |
|
|
|a ২৮৮ p. ;
|c ২২ সে.মি.
|
| 546 |
|
|
|a In Bengali.
|
| 520 |
|
|
|a Articles chiefly on Bishwasahitya Kendra, a literary forum of international scope, located at Dhaka, Bangladesh; includes interviews with its founder, the author.
|
| 650 |
|
0 |
|a Literature
|x Societies, etc.
|
| 610 |
2 |
0 |
|a Bishwasahitya Kendra (Dhaka, Bangladesh)
|
| 600 |
1 |
0 |
|a Sayeed, Abdullah Abu
|v Interviews.
|
| 852 |
1 |
|
|a Ayesha Abed Library
|c General Shelf.
|
| 999 |
|
|
|c 10894
|d 10894
|
| 952 |
|
|
|0 0
|1 0
|2 ddc
|4 0
|6 918_200000000000000_SAY
|7 0
|9 16649
|a BRACUL
|b BRACUL
|c GEN
|d 2011-05-24
|l 4
|m 5
|o 918.2 SAY
|p 3010016801
|r 2014-05-28
|s 2014-05-19
|t 1
|w 2011-05-24
|y BK
|